000 00344 a2200169 4500
001 186901
020 _a85-08-04654-5
040 _cMagnum
100 _aWood, Audrey
240 1 0 _aA bruxa salomé
_lpor
245 1 0 _aA bruxa salomé
300 _a26
362 0 _a2004
440 1 _aÁtica
697 _aLITERATURA INFANTO
942 _cBK
999 _c186901
_d186901